Design Theory and Data for Electrical Filters./ (Record no. 75255)
[ view plain ]
| 000 -LEADER | |
|---|---|
| fixed length control field | 00694nam a2200229 i 4500 |
| 001 - CONTROL NUMBER | |
| control field | 75255 |
| 003 - CONTROL NUMBER IDENTIFIER | |
| rucl marc code | BD-RjUL |
| 005 - DATE AND TIME OF LATEST TRANSACTION | |
| control field | 20211209082650.0 |
| 008 - FIXED-LENGTH DATA ELEMENTS--GENERAL INFORMATION | |
| fixed length control field | 190207s1965 n a|||| i||| 001 0 eng d |
| 035 ## - SYSTEM CONTROL NUMBER | |
| System control number | (BD-RjUL)75473 |
| 040 ## - CATALOGING SOURCE | |
| Original cataloging agency | BD-RjUL |
| Language of cataloging | eng |
| Transcribing agency | BD-RjUL |
| 041 ## - LANGUAGE CODE | |
| Language code of text/sound track or separate title | eng |
| 082 ## - DEWEY DECIMAL CLASSIFICATION NUMBER | |
| Edition number | 23 |
| Classification number | 621.38412 |
| Author mark and year | SKD 1965 |
| 100 1# - MAIN ENTRY--PERSONAL NAME | |
| Personal name | Skwirzynski, Josef Kasimierz |
| 9 (RLIN) | 227897 |
| 245 10 - TITLE STATEMENT | |
| Title | Design Theory and Data for Electrical Filters./ |
| Statement of responsibility, etc. | Josef Kasimierz SKWIRZYNSKI |
| 264 ## - PRODUCTION, PUBLICATION, DISTRIBUTION, MANUFACTURE, AND COPYRIGHT NOTICE | |
| Place of production, publication, distribution, manufacture | London : |
| Name of producer, publisher, distributor, manufacturer | D. Van Nostrad co. , |
| Date of production, publication, distribution, manufacture, or copyright notice | c1965 |
| 300 ## - PHYSICAL DESCRIPTION | |
| Pagination | xxviii. 701 Pages : |
| Illustrations | Ilustration ; |
| Size | 23 cm |
| 490 ## - SERIES STATEMENT | |
| Series statement | The marconi series |
| 500 ## - GENERAL NOTE | |
| General note | Includes Index |
| 650 ## - SUBJECT ADDED ENTRY--TOPICAL TERM | |
| Topical term or geographic name as entry element | Electric filters |
| 9 (RLIN) | 227898 |
| 942 ## - ADDED ENTRY ELEMENTS (KOHA) | |
| Source of classification or shelving scheme | Dewey Decimal Classification |
| Koha item type | Books |
| Lost status | Source of classification or shelving scheme | Damaged status | Not for loan | Collection code | Permanent Location | Current Location | Shelving location | Date acquired | Total Checkouts | Full call number | Date last seen | Copy number | Koha item type | Source of acquisition | Cost, normal purchase price |
|---|---|---|---|---|---|---|---|---|---|---|---|---|---|---|---|
| Dewey Decimal Classification | Not For Loan | Non-fiction | Central Library, University of Rajshahi | Central Library, University of Rajshahi | Reading Room | 07/02/2019 | 621.38412 SKD 1965 | 07/02/2019 | C-1 | Books | |||||
| Dewey Decimal Classification | Non-fiction | Central Library, University of Rajshahi | Central Library, University of Rajshahi | 30/08/1971 | 621.38412 SKD 1965 | 19/02/2019 | C-2 | Books | zeitlinger | 200.00 |